Cities that End in "E" Map Quiz - Statistics

General Stats
  • This quiz has been taken 152 times
  • The average score is 35 of 50
Answers on the Map
Answers color-coded by a green-red scale on the quiz's map according to % correct below.
 
Answer Stats
City % Correct
Rome
97%
Prague
95%
Seattle
95%
Melbourne
91%
Port-au-Prince
89%
Brisbane
88%
Venice
88%
Adelaide
87%
Belgrade
87%
Marseille
87%
Florence
86%
Skopje
86%
Harare
85%
San Jose
85%
San José
85%
Singapore
85%
Seville
84%
Malé
82%
Brazzaville
81%
Anchorage
77%
Nashville
77%
Cologne
75%
Jacksonville
75%
Baltimore
74%
Lahore
74%
Lomé
74%
Toulouse
74%
Vientiane
74%
Milwaukee
73%
Dushanbe
72%
Yaoundé
72%
Lilongwe
71%
Albuquerque
67%
Libreville
65%
Lille
65%
Newcastle
65%
Charlotte
63%
Recife
63%
Belo Horizonte
62%
Pune
60%
Louisville
56%
Porto Alegre
53%
Kobe
51%
Katowice
49%
Indore
31%
Sousse
31%
Coimbatore
25%
Pointe-Noire
24%
Kozhikode
17%
Changde
9%
No matching quizzes found
Score Distribution
Percent of People with Each Score
Percentile by Number Answered
Your Score History
You have not taken this quiz